Timeline /
A group of present-day archeology students are stunned to discover a handwritten plea for help dated April 2, 1357 ... from their own professor. He's been blasted back in time to the 14th century. To rescue him, they must travel back and survive one of the most violent battles in world history-...
| Corporate Authors: | , , , , |
|---|---|
| Other Authors: | , , , , , , , , , , , , , , , , , |
| Format: | Video DVD |
| Language: | English French |
| Language Notes: | Soundtrack in English or French; closed-captioned. |
| Published: |
[United States] :
Paramount,
[2004]
|
| Edition: | [Widescreen version]. |
| Subjects: |
MARC
| Tag | First Indicator | Second Indicator | Subfields |
|---|---|---|---|
| LEADER | 00000cgm a2200000Ia 4500 | ||
| 001 | in00002581621 | ||
| 005 | 20211204063107.0 | ||
| 007 | vd cvaizq | ||
| 008 | 040219p20042003xxu115 g vleng d | ||
| 020 | |a 0792189302 | ||
| 020 | |a 9780792189305 | ||
| 024 | 1 | |a 097363386841 | |
| 028 | 4 | 2 | |a 338684 |b Paramount |
| 035 | |a (OCoLC)ocm54450177 | ||
| 035 | |a (OCoLC)54450177 | ||
| 037 | |b Midwest Tapes |n http://www.midwesttapes.com | ||
| 040 | |a TEFMT |c TEFMT |d TEF |d OCL |d BTCTA |d OCLCQ |d VP@ |d OCLCQ |d GRR |d CQU |d BNO |d VUE |d UtOrBLW | ||
| 041 | 1 | |a eng |a fre |h eng | |
| 043 | |a e-fr--- | ||
| 049 | |a TXAM | ||
| 050 | 4 | |a PN1997.2 |b .T56 2004 | |
| 082 | 0 | 4 | |a 791.43/72 |2 22 |
| 090 | |a PN1995.9.S26 |b T57 2004 | ||
| 245 | 0 | 0 | |a Timeline / |c Paramount Pictures, Mutual Film Company and Cobalt Media Group present ... a Donners' Company/Artists Production Group production ; produced by Lauren Shuler Donner, Jim Van Wyck, Richard Donner ; screenplay by Jeff Maguire and George Nolfi ; directed by Richard Donner. |
| 250 | |a [Widescreen version]. | ||
| 264 | 1 | |a [United States] : |b Paramount, |c [2004] | |
| 264 | 4 | |c ©2003 | |
| 300 | |a 1 videodisc (116 min.) : |b sound, color ; |c 4 3/4 in. | ||
| 336 | |a two-dimensional moving image |b tdi |2 rdacontent | ||
| 337 | |a video |b v |2 rdamedia | ||
| 338 | |a videodisc |b vd |2 rdacarrier | ||
| 538 | |a DVD, region 1, enhanced for 16x9 TVs; Dolby Digital 5.1 surround. | ||
| 546 | |a Soundtrack in English or French; closed-captioned. | ||
| 511 | 1 | |a Paul Walker, Frances O'Connor, Gerard Butler, Billy Connolly, David Thewlis, Anna Friel, Neal McDonough, Matt Craven, Ethan Embry. | |
| 508 | |a Director of photography, Caleb Deschanel ; editor, Richard Marks ; music, Brian Tyler ; costume designer, Jenny Beavan ; production designer, Daniel T. Dorrance. | ||
| 500 | |a Based on the novel by Michael Crichton. | ||
| 521 | 8 | |a MPAA rating: PG-13, for intense battle scenes and brief language. | |
| 520 | |a A group of present-day archeology students are stunned to discover a handwritten plea for help dated April 2, 1357 ... from their own professor. He's been blasted back in time to the 14th century. To rescue him, they must travel back and survive one of the most violent battles in world history--and make it back to the 21st century alive. | ||
| 500 | |a Special features: "Journey through 'Timeline'" 3-part documentary; "The textures of 'Timeline'" featurette; 2 theatircal trailers. | ||
| 505 | 0 | |a Special features: Widescreen version enhanced for 16:9 TVs -- Journey through Timeline (3-part documentary): Setting time ; The nights of La Roque ; Making their own history -- The textures of Timeline -- Theatrical trailer #1 -- Theatrical trailer #2 -- Language: English 5.1 surround ; English Dolby surround ; French 5.1 surround -- Subtitles: English. | |
| 500 | |a Videorecording. | ||
| 650 | 0 | |a Time travel |v Drama. | |
| 651 | 0 | |a France |x History |y 14th century |v Drama. | |
| 650 | 0 | |a Historians |v Drama. | |
| 655 | 7 | |a Feature films. |2 lcgft | |
| 655 | 7 | |a Science fiction films. |2 lcgft | |
| 655 | 7 | |a Video recordings for the hearing impaired. |2 lcgft | |
| 655 | 7 | |a Fiction films. |2 lcgft | |
| 700 | 1 | |a Shuler-Donner, Lauren. | |
| 700 | 1 | |a Van Wyck, Jim. | |
| 700 | 1 | |a Donner, Richard. | |
| 700 | 1 | |a Maguire, Jeff. | |
| 700 | 1 | |a Nolfi, George. | |
| 700 | 1 | |a Walker, Paul, |d 1973-2013. | |
| 700 | 1 | |a O'Connor, Frances, |d 1967- | |
| 700 | 1 | |a Butler, Gerard, |d 1969- | |
| 700 | 1 | |a Connolly, Billy. | |
| 700 | 1 | |a Thewlis, David, |d 1963- | |
| 700 | 1 | |a Friel, Anna, |d 1976- | |
| 700 | 1 | |a McDonough, Neal. | |
| 700 | 1 | |a Craven, Matt. | |
| 700 | 1 | |a Embry, Ethan, |d 1978- | |
| 700 | 1 | |a Deschanel, Caleb, |d 1944- | |
| 700 | 1 | |a Marks, Richard, |d 1943-2018. | |
| 700 | 1 | |a Tyler, Brian. | |
| 700 | 1 | |a Dorrance, Daniel T. | |
| 710 | 2 | |a Paramount Pictures Corporation. | |
| 710 | 2 | |a Mutual Film Company. | |
| 710 | 2 | |a Cobalt Media Group. | |
| 710 | 2 | |a Donners' Company (Firm) | |
| 710 | 2 | |a Artists Production Group (Firm) | |
| 938 | |a Baker and Taylor |b BTCP |n be2004100127 | ||
| 994 | |a C0 |b TXA | ||
| 948 | |a cataloged |b h |c 2010/4/30 |d c |e blrosas |f 11:29:56 am | ||
| 999 | |a MARS | ||
| 999 | f | f | |s 7e8e6675-9132-30bf-8812-f954175d3549 |i 232b81ee-55e8-3851-b5da-17565f2b2da7 |t 0 |
| 952 | f | f | |p dvd |a Texas A&M University |b College Station |c Sterling C. Evans Library |d Evans: Media and Reserves (Annex 1st floor) |t 0 |e PN1995.9.S26 T57 2004 |h Library of Congress classification |i video -- videodisc |m A14839140355 |
| 998 | f | f | |a PN1995.9.S26 T57 2004 |t 0 |l Evans: Media and Reserves (Annex 1st floor) |